Changing trends in library and information science: (Record no. 191500)

MARC details
000 -LEADER
fixed length control field 00749nam a22002057a 4500
005 - DATE AND TIME OF LATEST TRANSACTION
control field 20220829105627.0
010 ## - LCCN (DPL NO)
LC control number ENG-134729
020 ## - INTERNATIONAL STANDARD BOOK NUMBER
International Standard Book Number 9788170002559
Terms of availability 450.00
035 ## - SYSTEM CONTROL NUMBER
System control number EN-118261
037 ## - SOURCE OF ACQUISITION
Source of stock number/acquisition DBAD/PUB
082 ## - DEWEY DECIMAL CLASSIFICATION NUMBER
Classification number 025.4
245 ## - TITLE STATEMENT
Title Changing trends in library and information science:
Remainder of title seminar volume/
Statement of responsibility, etc edited by M.D. Baby, R. Reghunathan & stanly james pradeepam
260 ## - PUBLICATION, DISTRIBUTION, ETC. (IMPRINT)
Place of publication, distribution, etc New Delhi
Name of publisher, distributor, etc Ess Ess Publications
Date of publication, distribution, etc 2000
270 ## - ADDRESS
Address 4837/24, Ansari road, daryaganj
City New Delhi
Postal code 110002
Telephone number 011-3260807
Fax number 011-3274173
Electronic mail address essess@del3.vsnl.net.in
300 ## - PHYSICAL DESCRIPTION
Extent 189p.
Dimensions 22cm(hbk)
Other physical details Appendix, Index
700 ## - ADDED ENTRY--PERSONAL NAME
Personal name Baby, M.D.
700 ## - ADDED ENTRY--PERSONAL NAME
Personal name Reghunathan, R.
700 ## - ADDED ENTRY--PERSONAL NAME
Personal name Pradeepam, Stanly james
942 ## - ADDED ENTRY ELEMENTS (KOHA)
Source of classification or shelving scheme Dewey Decimal Classification
Item type English Books
Classification part 025.4
Call number suffix CHA
Holdings
Withdrawn status Lost status Not for loan Collection code Home library Current library Date acquired Source of acquisition Cost, normal purchase price Full call number Barcode Copy number Cost, replacement price Koha item type
      Non-fiction Ashok Vihar Ashok Vihar 29/08/2022 DBAD/PUB 450.00 025.4 CHA EN-118261 1 450.00 English Books

© Delhi Public Library
Hit Counter
free hit counter